logo

Bir Sreshtho Munshi Abdur Rouf Library
Jhenaidah Cadet College

Folk Tales of Bangladesh / (Record no. 7096)

MARC details
000 -LEADER
fixed length control field 00533nam a2200217 a 4500
001 - CONTROL NUMBER
JCCL Control Number 7096
003 - CONTROL NUMBER IDENTIFIER
JCCL marc code BD-JhCC
005 - DATE AND TIME OF LATEST TRANSACTION
control field 20180205093428.0
008 - FIXED-LENGTH DATA ELEMENTS--GENERAL INFORMATION
fixed length control field 180205s1974 bg a|||| || | 000 0 eng d
035 ## - SYSTEM CONTROL NUMBER
system control number (BD-JhCC)7096
040 ## - CATALOGING SOURCE
Original cataloging agency BD-JhCC
Modifying agency BD-JhCC
041 ## - LANGUAGE CODE
Language code of Book eng
082 ## - DEWEY DECIMAL CLASSIFICATION NUMBER
Classification number 398.3
Author mark and Year JAS 1974
100 ## - MAIN ENTRY--PERSONAL NAME
Personal name Jasimuddin
245 ## - TITLE STATEMENT
Title Folk Tales of Bangladesh /
Statement of responsibility, etc Jasimuddin
260 ## - PUBLICATION, DISTRIBUTION, ETC. (IMPRINT)
Place of publication, distribution, etc Dacca :
Name of publisher, distributor, etc Oxford University Press,
Date of publication, distribution, etc 1974
300 ## - PHYSICAL DESCRIPTION
Pagination 105 p. :
Dimensions 18 cm.
650 ## - SUBJECT ADDED ENTRY--TOPICAL TERM
Topical term or geographic name as entry element Folk Tales
942 ## - ADDED ENTRY ELEMENTS (KOHA)
Source of classification or shelving scheme Dewey Decimal Classification
Koha item type Books
Holdings
Source of classification or shelving scheme Damaged status Not for loan Home library Current library Shelving location Date of accession Total Checkouts Full call number Barcode Date last seen Copy number Koha item type
Dewey Decimal Classification     JCC Rouf Library JCC Rouf Library General Stacks 02/05/2018   398.3 JAS 1974 8850 02/05/2018 C-1 Books

JCC Library | Contacts | JCC Home

Last Update on 23 September 2017
Copyright @ 2017-2020 JCC Rouf Library
Rouf Library, Jhenidah Cadet College (JCC), Bangladesh